Statystyki dla Państwa Graniczące z Mozambikiem

Kliknij tutaj aby rozwiązać quiz!

Ogólne statystyki

  • Ten quiz został rozwiązany 90 razy
  • Średni wynik to 5 z 6

Odpowiedzi na mapie

Odpowiedzi skodowane kolorowo w zielono-czerwonej skali na mapie do tego quizu, zgodnie z poniższymi procentami.
 

Statystyki odpowiedzi

Kraj% Poprawnych
Zambia
95%
Republika Południowej
Afryki
90%
Tanzania
90%
Zimbabwe
90%
Eswatini
86%
Malawi
81%

Rozkład punktacji

Percentyl według liczby udzielonych odpowiedzi

Procent ludzi z każdym wynikiem

Twoja historia wyników

Nie rozwiązałeś tego quizu